000 00679nam a2200253 a 4500
001 nice12345678
003 IN_TiNIC
005 20260116013120.0
008 050524s1983 lona grp 000 0 eng
020 _a0700759
_c360
082 0 0 _a330.10297
_bDOB
100 _aDobbin, Christine
245 _aIslamic Revivalism in a Changing Peasant Economy
_b Central Sumatra, 1784-184
260 _aLondon
_bCurzon Press
_c1983
300 _a300p
500 _aincludes index and biblioraphy
505 2 _aIndex
650 _aIslam-Indonesia-samatra
650 _aIslam-Revelation
700 1 _aDobbin, Christine
902 _bSRS
942 _cBK
999 _c9716
_d9716